| Tag |
First Indicator |
Second Indicator |
Subfields |
| LEADER |
00000nam a2200000Ia 4500 |
| 001 |
in00004182221 |
| 005 |
20200807085143.0 |
| 006 |
m g d |
| 007 |
cr bn |||a|bb| |
| 008 |
120426s1631 enkg o 000 0 eng d |
| 040 |
|
|
|a UMI
|c UMI
|e dcrb
|
| 035 |
|
|
|a (OCoLC)789659960
|
| 037 |
|
|
|a CL0036000088
|b ProQuest, 789 E. Eisenhower Parkway, Ann Arbor, MI 48108-3218
|
| 041 |
1 |
|
|a eng
|h heb
|
| 043 |
|
|
|a e-uk-en
|
| 090 |
|
|
|a BX5146.A1
|b 1631
|
| 049 |
|
|
|a UMIA
|
| 100 |
1 |
|
|a Sternhold, Thomas,
|d d. 1549.
|
| 240 |
1 |
0 |
|a Whole book of Psalms.
|f 1631
|
| 245 |
1 |
4 |
|a The whole booke of Dauids Psalmes, both in prose and meetre. With apt nots to sing them withall..
|
| 246 |
3 |
|
|a Whole book of David's Psalms, both in prose and meter.
|
| 260 |
|
|
|a London :
|b Printed by W. S[tansby] for the Company of Stationers.,
|c 1631.
|
| 300 |
|
|
|a 1 online resource ([2], 439 [id est 437], [9] pages :
|b music.
|
| 336 |
|
|
|a text
|b txt
|2 rdacontent
|
| 337 |
|
|
|a computer
|b c
|2 rdamedia
|
| 338 |
|
|
|a online resource
|b cr
|2 rdacarrier
|
| 500 |
|
|
|a Attributed to Sternhold and Hopkins. Cf. STC (2nd edition).
|
| 500 |
|
|
|a Name of printer of publication suggested by STC (2nd edition).
|
| 500 |
|
|
|a Provenance: signature of Matt: Randolph. 1700 on t.p. verso.
|
| 500 |
|
|
|a Pages 3 and 4 are missing in number only.
|
| 500 |
|
|
|a Includes music.
|
| 500 |
|
|
|a Title within ornamental border (not in McK. and Ferg.), headpiece, initials.
|
| 500 |
|
|
|a Signatures: A-2E⁸.
|
| 500 |
|
|
|a Reproduction of original in: British Library.
|
| 510 |
4 |
|
|a STC (2nd edition)
|c 2630
|
| 533 |
|
|
|a Electronic reproduction.
|b Ann Arbor, Mich. :
|c UMI,
|d 1999-
|f (Early English books online)
|n Digital version of: (Early English books, 1475-1640 ; 2382:2)
|7 s1999 miun s
|
| 650 |
|
0 |
|a Psalters
|z England
|v Early works to 1800.
|
| 630 |
0 |
0 |
|a Bible.
|p O.T.
|p Psalms
|v Paraphrases, English
|v Early works to 1800.
|
| 610 |
2 |
0 |
|a Church of England
|v Prayers and devotions
|v Early works to 1800.
|
| 700 |
1 |
|
|a Randolph, Matt.
|
| 700 |
1 |
|
|a Hopkins, John,
|d d. 1570.
|
| 730 |
0 |
2 |
|a Bible.
|p O.T.
|p Psalms.
|l English.
|s Sternhold-Hopkins.
|f 1631.
|
| 752 |
|
|
|a Great Britain
|b England
|d London.
|
| 830 |
|
0 |
|a Early English books online.
|
| 856 |
4 |
0 |
|u http://proxy.library.tamu.edu/login?url=https://search.proquest.com/docview/2240924994
|z Connect to the full text of this electronic book
|t 0
|
| 994 |
|
|
|a 02
|b UMI
|
| 999 |
f |
f |
|s 2f85b902-e28f-35d8-8c7c-28956ce81abd
|i b783cd27-1c1c-3c49-9465-fe4ff2b8a31e
|t 0
|
| 952 |
f |
f |
|a Texas A&M University
|b College Station
|c Electronic Resources
|d Available Online
|t 0
|e BX5146.A1 1631
|h Library of Congress classification
|
| 998 |
f |
f |
|a BX5146.A1 1631
|t 0
|l Available Online
|